The European Union : readings on the theory and practice of European integration

Αποθηκεύτηκε σε:
Λεπτομέρειες βιβλιογραφικής εγγραφής
Άλλοι συγγραφείς: Nelsen, Brent F. (Επιμελητής έκδοσης), Stubb, Alexander C-G (Επιμελητής έκδοσης)
Μορφή: Βιβλίο
Γλώσσα:English
Δημοσίευση: London : Lynne Rienner Publishers, c1994
Θέματα:
Ετικέτες: Προσθήκη ετικέτας
Δεν υπάρχουν, Καταχωρήστε ετικέτα πρώτοι!

MARC

LEADER 00000nam a2200000 i 4500
001 1/87342
008 990722s1994 eng d
020 |a 0-333-64675-4 
035 |l 10052272 
040 |a GR-MY-UA  |b gre  |e aacr 
041 0 |a eng 
082 0 |a 341.242 
245 1 4 |a The European Union :  |b readings on the theory and practice of European integration /  |c Edited by Brent F. Nelsen and Alexander C-G. Stubb 
260 |a London :   |b Lynne Rienner Publishers,   |c c1994 
300 |a 307 p. 
504 |a Includes index 
650 0 0 |a European federation. 
651 0 |a Europe  |x Economic integration. 
700 1 |a Nelsen, Brent F.  |4 edt 
700 1 |a Stubb, Alexander C-G.  |4 edt 
852 |a INST  |b LESVOS  |e 19990722  |h 341.242 EUR  |p 005100020011  |q 005100020011  |t BK  |y 0 
901 |a BIBL1-1999-2 
909 |a Λ  |b 062763 
922 |a 1ΕΛΗ  |b 199812  |c ΚΠΣ/ΤΓ  |d LEADER 
950 |a  118-1998-10-19 
970 |a ΜΟΥΣΤΑΚΑ  |b ΠΗΝΕΛΟΠΗ  |z 1999/07/22